Word Ladder: An Andy Williams Christmas Quiz Stats

Quiz Updated Dec 24, 2014

Challenge
Share
Tweet
Embed
Score 0/42 Timer 05:00
0 Plays Today
Clue 4-Letter Word % Correct
Put in the mailSEND
95.4%
Sailboat poleMAST
94.8%
Humpty Dumpty's mishapFALL
94.6%
★At capacity★★FULL★
94.4%
Hospital unitWARD
94.2%
Witch's blemishWART
94%
Plant starterSEED
93.8%
Golf trap substanceSAND
93%
Play tug-of-warPULL
92.7%
Shopping placeMART
92.6%
Evidence of ownershipDEED
90.9%
SurveyPOLL
90.5%
Martial arts awardBELT
89.5%
Like an NBA centerTALL
89.3%
★Over 50%★★MOST★
88.9%
Runner UsainBOLT
88.8%
Scrabble pieceTILE
87.9%
★A tenth of a decade★★YEAR★
87.6%
★Spelling aid★★WAND★
87.2%
Major fruit cannerDOLE
85.9%
Narrated yarnTALE
85.7%
Clue 4-Letter Word % Correct
Magician's birdDOVE
84.3%
★'...I ____ wed'★★THEE★
84.2%
'_____'s fightin' words!'THEM
83.7%
BirdbrainDOLT
82.5%
Worry, or a guitar partFRET
82.3%
Last word of 'The Wizard of Oz'HOME
82%
On the houseFREE
81.7%
One who takes actionDOER
78.3%
Borscht baseBEET
78.3%
Snooker's cousinPOOL
77.8%
A large, thick bookTOME
77.8%
Leaves' homeTREE
77.4%
A few bucksDEER
76.7%
Stocking stuffersFEET
75.1%
★Money, proverbially★★TIME★
74.8%
★Hoisted, nautically★★HOVE★
72.8%
★'Let's Make A Deal' option★★DOOR★
72.2%
Hood's beneficiaries POOR
69.8%
Result of being movedTEAR
64.8%
Lions or Tigers or Bears (Oh my!)TEAM
61.9%
OverflowTEEM
61.5%

Today's Daily Dose

You're not logged in!

Compare scores with friends on all Sporcle quizzes.
Sign Up with Email
OR
Log In

You Might Also Like...

Show Comments

Extras

Top Quizzes Today


Score Distribution

Your Account Isn't Verified!

In order to create a playlist on Sporcle, you need to verify the email address you used during registration. Go to your Sporcle Settings to finish the process.